000 00633nam a2200229Ia 4500
003 OSt
005 20220923230142.0
006 a|||||r|||| 00| 0
007 ta
008 Pun
024 _a277,830
037 _cTextual
040 _aARTS
_cARTS
_bPun
041 _2Pun
_aPun
082 _aO153,3N332:g, L9
100 _aਨਰਿੰਜਨ ਤਸਨੀਮ
245 0 _aਪੰਜਾਬੀ ਨਾਵਲ ਦਾ ਮੁਹਾਂਦਰਾ
260 _c1969
650 _aਪੰਜਾਬੀ ਸਾਹਿਤ
942 _hO153,3N332:g, L9
_cTEXL
_2CC
999 _c382881
_d382881